000 00629nam a2200181Ia 4500
003 GCL
008 140319s9999 xx 000 0 ara d
040 _aGCL /
_cGCL
082 0 4 _a135.3
_bم ا
100 1 _aابن سيرين : ابو بكر محمد بن سيرين البصرى الانصارى
245 1 0 _aتفسير الاحلام كبير /
_cابن سيرين : ابو بكر محمد بن سيرين البصرى الانصارى
260 _a[S.N] :
_bالمكتبة التوفيقية
300 _a572 ص
490 _a
650 0 4 _aالاحلام
650 0 4 _aالاحلام - تفسير
942 _2ddc
_cBK
999 _c54499
_d54499